Southville International School and Colleges
Your cart is empty.
  • Cart
  • Lists
    Public lists Eva Luna New books Lux_list list_1
    Your lists Log in to create your own lists
  • Log in to your account
  • Your cookies
  • Search history
Southville International School and Colleges
  • Advanced search
  • Recent comments
  • Most popular
  • Libraries

Log in to your account

Log in with GOOGLE


If you do not have an external account, but do have a local account, you can still log in:

  1. Home
  2. MARC view: Freedom's landing /
Normal view MARC view ISBD view

Freedom's landing / (Record no. 11385)

[ view plain ]
MARC details
000 -LEADER
fixed length control field 00932cam a2200301 a 4500
001 - CONTROL NUMBER
control field 3962446
003 - CONTROL NUMBER IDENTIFIER
control field OSt
005 - DATE AND TIME OF LATEST TRANSACTION
control field 20140310182252.0
008 - FIXED-LENGTH DATA ELEMENTS--GENERAL INFORMATION
fixed length control field 941108s1995 nyu 000 1 eng
010 ## - LIBRARY OF CONGRESS CONTROL NUMBER
LC control number 94043820
020 ## - INTERNATIONAL STANDARD BOOK NUMBER
International Standard Book Number 9780441003389
040 ## - CATALOGING SOURCE
Original cataloging agency DLC
Transcribing agency DLC
Modifying agency DLC
-- OCoLC
050 00 - LIBRARY OF CONGRESS CALL NUMBER
Classification number PS 3563.A255
Item number .M478 1996
082 00 - DEWEY DECIMAL CLASSIFICATION NUMBER
Classification number FIC
Item number M12f 1995
100 1# - MAIN ENTRY--PERSONAL NAME
Personal name McCaffrey, Anne.
9 (RLIN) 20079
245 10 - TITLE STATEMENT
Title Freedom's landing /
Statement of responsibility, etc Anne McCaffrey.
260 ## - PUBLICATION, DISTRIBUTION, ETC. (IMPRINT)
Place of publication, distribution, etc New York :
Name of publisher, distributor, etc Ace Books,
Date of publication, distribution, etc c1996.
300 ## - PHYSICAL DESCRIPTION
Extent 324 p. ;
Dimensions 17 cm.
500 ## - GENERAL NOTE
General note "An Ace Putnam book."
541 ## - IMMEDIATE SOURCE OF ACQUISITION NOTE
-- 1
562 ## - COPY AND VERSION IDENTIFICATION NOTE
Number of copies 1
650 #0 - SUBJECT ADDED ENTRY--TOPICAL TERM
Topical term or geographic name as entry element Science
General subdivision Fiction.
9 (RLIN) 20095
650 #0 - SUBJECT ADDED ENTRY--TOPICAL TERM
Topical term or geographic name as entry element Adventure and adventures.
9 (RLIN) 4244
655 #7 - INDEX TERM--GENRE/FORM
Genre/form data or focus term Science fiction.
Source of term gsafd
9 (RLIN) 1889
906 ## - LOCAL DATA ELEMENT F, LDF (RLIN)
a 7
b cbc
c orignew
d 1
e ocip
f 19
g y-gencatlg
942 ## - ADDED ENTRY ELEMENTS (KOHA)
Source of classification or shelving scheme Library of Congress Classification
Koha item type
Holdings
Withdrawn status Lost status Source of classification or shelving scheme Damaged status Home library Current library Shelving location Date acquired Total Checkouts Full call number Barcode Date last seen Copy number Price effective from Koha item type
    Library of Congress Classification   Luxembourg Library Luxembourg Library Fiction Section 09/16/2013   PS 3563.A255 .M478 1996 6001 09/16/2013 1 09/16/2013 Books

Freedom's landing /

APA

McCaffrey A., . (1996). Freedom's landing. New York: Ace Books.

Chicago

McCaffrey Anne, . 1996. Freedom's landing. New York: Ace Books.

Harvard

McCaffrey A., . (1996). Freedom's landing. New York: Ace Books.

MLA

McCaffrey Anne, . Freedom's landing. New York: Ace Books. 1996.

  • Place hold
  • Print
  • Cite
  • Add to your cart (remove)
  • Save record
    BIBTEX Dublin Core MARCXML MARC (non-Unicode/MARC-8) MARC (Unicode/UTF-8) MARC (Unicode/UTF-8, Standard) MODS (XML) RIS
  • More searches
    Search for this title in:
    Other Libraries (WorldCat) Other Databases (Google Scholar) Online Stores (Bookfinder.com) Open Library (openlibrary.org)

Exporting to Dublin Core...

SOUTHVILLE LIBRARY

Southville International School and Colleges Library

1281 Tropical Ave. Cor. Luxembourg St., BF Homes International, Las Pinas City

Tel. No. 8256374 / 252358 Loc. 117/146

Powered by Koha